00899nam a22002417a 450000500170000000800410001701000140005802000260007202000230009803500130012103700150013404000180014908200150016710000210018224500810020326000400028427000610032430000280038550000510041394200290046499900170049395201470051020090831110528.0090831t xxu||||| |||| 00| 0 eng d aENG-94991 a9788190644594c595.00 a8190644599c595.00 aEN-78524 bDBAD / PUB adplbEnglish  a346.540482 aSrivastav, V.P.  aCopyright enforcement in India:bissues and challenges /cby V.P. Srivastav  aNew Delhi bAroo Publicationsc2008 a9, Daryaganj, Near Telephone Office bNew Delhi e110002 axiii, 537p. c24cm(Hb)  aIncludes bibliographical references and index  2ddccENmSRIh346.540482 c29820d29820 00102ddc40718NFICaDBADbDBADd2009-08-31eDBAD / PUBg595.00l0o346.540482 SRIpEN-78524r2009-08-31 00:00:00t1v595.00w2009-08-31yEN